000 00323nam a22001337a 4500
008 171020b xxu||||| |||| 00| 0 eng d
020 _a9780072456653
041 _aeng
080 _26TH
_a338
100 _a54
101 _aMIS
245 _aCORPORATE INFORMATION STRATEGY AND MANAGEMENT
_cAPPLEGATE,L.M
942 _2udc
_cBK
999 _c35113
_d35113